Catalog

Record Details

Catalog Search



Frank and the bad surprise  Cover Image Book Book

Frank and the bad surprise / written by Martha Brockenbrough ; illustrated by Jon Lau.

Brockenbrough, Martha, (writer.). Lau, Jonathan, (illustrator.).

Summary:

Frank the cat is happy at home with his two humans until they bring home a puppy who disturbs his entire way of life, so after running away and finding out how unwelcoming the world outside is he makes his way back to where he belongs.

Record details

  • ISBN: 1646140885
  • ISBN: 9781646140886
  • Physical Description: 64 pages : color illustrations ; 22 cm.
  • Publisher: Montclair : Levine Querido, 2022.

Content descriptions

Target Audience Note:
Ages 6-9. Levine Querido.
Grades K-1. Levine Querido.
Subject: Cats > Juvenile fiction.
Dogs > Juvenile fiction.
Puppies > Juvenile fiction.
Belonging (Social psychology) > Juvenile fiction.
Cats > Fiction.
Dogs > Fiction.
Belonging (Social psychology) > Fiction.
Chiens > Romans, nouvelles, etc. pour la jeunesse.
Appartenance (Psychologie sociale) > Romans, nouvelles, etc. pour la jeunesse.
Belonging (Social psychology)
Cats.
Dogs.
Genre: Fiction.
Juvenile works.
Animal fiction.

Available copies

  • 1 of 1 copy available at scottsboropl.

Holds

  • 0 current holds with 1 total copy.
Show Only Available Copies
Location Call Number / Copy Notes Barcode Shelving Location Status Due Date
scottsboropl BC Bro 32269001205205 Juvenile - Beginning Chapter Available -

LDR 02311cam a2200553Ii 4500
001158583
003SBPL
00520220609154659.0
008210812s2022 njua b 000 1 eng d
040 . ‡aYDX ‡beng ‡cYDX ‡dBDX ‡dTOH ‡dLMJ ‡dTDS ‡dYU6 ‡dOCLCO ‡dIMF ‡dBKL ‡dOCLCF ‡dGO3
020 . ‡a1646140885 ‡q(hardcover)
020 . ‡a9781646140886 ‡q(hardcover)
035 . ‡a(OCoLC)1263663032
05000. ‡aPZ7.B7825 ‡bFr 2021
08204. ‡a[E]
1001 . ‡aBrockenbrough, Martha, ‡ewriter.
24510. ‡aFrank and the bad surprise / ‡cwritten by Martha Brockenbrough ; illustrated by Jon Lau.
263 . ‡a2204
264 1. ‡aMontclair : ‡bLevine Querido, ‡c2022.
300 . ‡a64 pages : ‡bcolor illustrations ; ‡c22 cm.
336 . ‡atext ‡btxt ‡2rdacontent
336 . ‡astill image ‡bsti ‡2rdacontent
337 . ‡aunmediated ‡bn ‡2rdamedia
338 . ‡avolume ‡bnc ‡2rdacarrier
4901 . ‡aFrank and the puppy ; ‡vbook one
5211 . ‡aAges 6-9. ‡bLevine Querido.
5212 . ‡aGrades K-1. ‡bLevine Querido.
520 . ‡aFrank the cat is happy at home with his two humans until they bring home a puppy who disturbs his entire way of life, so after running away and finding out how unwelcoming the world outside is he makes his way back to where he belongs.
650 0. ‡aCats ‡vJuvenile fiction.
650 0. ‡aDogs ‡vJuvenile fiction.
650 0. ‡aPuppies ‡vJuvenile fiction.
650 0. ‡aBelonging (Social psychology) ‡vJuvenile fiction.
650 1. ‡aCats ‡vFiction.
650 1. ‡aDogs ‡vFiction.
650 1. ‡aBelonging (Social psychology) ‡vFiction.
650 6. ‡aChiens ‡vRomans, nouvelles, etc. pour la jeunesse.
650 6. ‡aAppartenance (Psychologie sociale) ‡vRomans, nouvelles, etc. pour la jeunesse.
650 7. ‡aBelonging (Social psychology) ‡2fast ‡0(OCoLC)fst01764316
650 7. ‡aCats. ‡2fast ‡0(OCoLC)fst00849374
650 7. ‡aDogs. ‡2fast ‡0(OCoLC)fst00896265
655 7. ‡aFiction. ‡2fast ‡0(OCoLC)fst01423787
655 7. ‡aJuvenile works. ‡2fast ‡0(OCoLC)fst01411637
655 7. ‡aAnimal fiction. ‡2lcgft
7001 . ‡aLau, Jonathan, ‡eillustrator.
8001 . ‡aBrockenbrough, Martha. ‡tFrank and the puppy ; ‡vbk. 1.
938 . ‡aBrodart ‡bBROD ‡n130501425
938 . ‡aYBP Library Services ‡bYANK ‡n17587537
994 . ‡aZ0 ‡bMWL
948 . ‡hNO HOLDINGS IN MWL - 141 OTHER HOLDINGS
901 . ‡a158583 ‡b ‡c158583 ‡tbiblio

Additional Resources